000
00365pab a2200169 454500
008
180718b2012 xxu||||| |||| 00| 0 eng d
100
_a
Tillin, Louise
245
_a
Caste, territory and federalism
260
_c
2012
300
_a
p.43-48.
362
_a
May
650
_a
Federalism
650
_a
Caste
773
_a
Seminar
908
_a
N
909
_a
95900
999
_c
95900
_d
95900